|
|
|
|
| LEADER |
01001nam a22002172a 4500 |
| 001 |
000408324 |
| 003 |
CZ BrMZK |
| 005 |
20190806204251.0 |
| 008 |
990307s1978 xr f cze d |
| 040 |
|
|
|a BOA001
|b cze
|
| 100 |
1 |
|
|a Šupka, Jan,
|d 1931-2011
|7 jk01131723
|
| 245 |
1 |
0 |
|a Systémový přístup a strukturalizace učiva zeměpisu na základní škole :
|b (metodický materiál pro učitele zeměpisu) /
|c Jan Šupka
|
| 260 |
|
|
|a Brno :
|b Pedagogický ústav města Brna,
|c 1978
|
| 300 |
|
|
|a [14] vol. listů
|
| 504 |
|
|
|a Obsahuje bibliografii
|
| 910 |
|
|
|a BOA001
|b X2-0823.096
|b PK-N-0021.969
|
| 964 |
|
|
|a Zeměpis - učivo - strukturalizace - materiály metodické - školy základní
|
| 964 |
|
|
|a Zeměpis - přístup systémový - materiály metodické - školy základní
|
| 990 |
|
|
|a BK
|
| 996 |
6 |
|
|b 2618827384
|c X2-0823.096
|l MZK
|r Sklad / do 24 hodin
|n 0
|w 000408324
|u 000020
|a 1
|e BOA001
|j MZK50
|s P
|
| 996 |
7 |
|
|b 3119820384
|c PK-N-0021.969
|l MZK
|r Sklad / do 1 hodiny
|n 3
|w 000408324
|u 000010
|a 1
|e BOA001
|j MZK50
|s A
|